书目信息 |
| 题名: |
当代中国军队群众工作
|
|
| 作者: | ;《当代中国》丛书编辑部 | |
| 分册: | ||
| 出版信息: | 北京 中国社会科学出版社 |
|
| 页数: | 782页 | |
| 开本: | 21cm | |
| 丛书名: | 当代中国 | |
| 单 册: | ||
| 中图分类: | E225 | |
| 科图分类: | ||
| 主题词: | 军队政治工作--中国 | |
| 电子资源: | ||
| ISBN: | 7-5004-0318-6 | |
| 000 | 00711nam0 2200217 450 | |
| 001 | 0631252699 | |
| 005 | 20061101084926.78 | |
| 010 | @a7-5004-0318-6@b精装@dCNY11.90 | |
| 100 | @a20061101d km y0chiy0120 ea | |
| 101 | 0 | @achi |
| 102 | @aCN@b110000 | |
| 200 | 1 | @a当代中国军队群众工作@Adang dai zhong guo jun dui qun zhong gong zuo@f《当代中国》丛书编辑部@F《dang dai zhong guo》cong shu bian ji bu |
| 210 | @a北京@c中国社会科学出版社 | |
| 215 | @a782页@d21cm | |
| 225 | 2 | @a当代中国 |
| 410 | 0 | @12001 @a当代中国 |
| 606 | 0 | @a军队政治工作@x中国 |
| 690 | @aE225@v3 | |
| 711 | 0 | @a《当代中国》丛书编辑部@A《dang dai zhong guo》cong shu bian ji bu |
| 801 | 0 | @aCN@bNISOFT@c20061101 |
| 905 | @a10447@dE225@e2 | |
| 当代中国军队群众工作/《当代中国》丛书编辑部.-北京:中国社会科学出版社 |
| 782页;21cm.-(当代中国) |
| ISBN 7-5004-0318-6(精装):CNY11.90 |
| ● |
| 相关链接 |
|
|
|
|
正题名:当代中国军队群众工作
索取号:E225/2
 
预约/预借
| 序号 | 登录号 | 条形码 | 馆藏地/架位号 | 状态 | 备注 |
| 1 | 0215923 | 001581014 | 第一样本阅览室/ [索取号:E225/2] | 在馆 |